Chile, nuestro cobre: Chuquicamata, El Salvador, Potrerillos, El Teniente, Enami, Mantos Blancos y Andina

Guardat en:
Dades bibliogràfiques
Autor principal: Alvear Urrutia, Jorge (Autor)
Format: Llibre
Idioma:espanyol
Publicat: Santiago Lastra 1974
Matèries:
Etiquetes: Afegir etiqueta
Sense etiquetes, Sigues el primer a etiquetar aquest registre!

MARC

LEADER 00000nam a2200000 a 4500
001 UCT3457
003 CL-VaPUC
008 961024e19740000CL |||||||||||||||||spa|d
082 0 4 |a 333.854  |b ALV  |2 21 
100 0 |a Alvear Urrutia, Jorge  |e author  |9 372400 
245 1 0 |a Chile, nuestro cobre: Chuquicamata, El Salvador, Potrerillos, El Teniente, Enami, Mantos Blancos y Andina 
300 |a 211 p 
942 |c BK 
945 |d 19961024 00:00:00  |a paguirre 
260 |a Santiago  |b Lastra  |c 1974 
650 7 |a RECURSOS  |2 CL-VaPUC  |9 338276 
650 0 |a Yacimientos minerales  |9 262212 
650 0 |a Cobre  |9 255767 
650 0 |a Economía   |9 255568 
650 7 |a RECURSOS ECONOMICOS  |2 CL-VaPUC  |9 314744 
650 0 |a Tecnología minera  |9 359084 
651 7 |a CHILE  |2 CL-VaPUC  |9 372401 
583 |a last modification  |c 19961024 00:00:00  |k Rodrigo Vera 
999 |c 253105  |d 253103